Cathédrales de France n°9 - Statistiques

Statistiques générales
  • Ce quiz a été pris 86 fois
  • Le résultat moyen est 7 sur 15
Statistiques - réponses
Par images Hint Réponse % Correct
1225 Saint-Pierre, Beauvais
91%
1195 Saint-Etienne, Bourges
87%
XIIe Saint-André, Bordeaux
69%
1100 Saint-Pierre, Angoulême
63%
XIIIe Saint-Corentin, Quimper
59%
1976 Notre-Dame, Créteil
57%
1360 Notre-Dame-et-Saint-Privat, Mende
54%
1153 Notre-Dame, Senlis
54%
1210 Notre-Dame, Sées
41%
XIe Saint-Apollinaire, Valence
41%
XIIe Saint-Dié, Saint-Dié-des-Vosges
30%
XIXe Saint-Jean-Baptiste, Belley
24%
XIIe Saint-Fulcran, Lodève
15%
1490 Saint-Jérôme, Digne-les-Bains
15%
1935 Notre-Dame-de-l'Assomption, Mata Utu
13%
Aucun quiz correspondant
Distribution des résultats
% des personnes avec chaque résultat
Percentile par nombre de réponses
Votre historique - résultats
Vous n’avez pas pris ce quiz